| 000 | 01685pam a2200349 i 4500 | ||
|---|---|---|---|
| 001 | 768714001 | ||
| 003 | CO-MdFUSB | ||
| 005 | 20220804144921.0 | ||
| 007 | ta | ||
| 008 | 220222t2003 -usabco| |||| 00| 0 eng d | ||
| 020 | _a0842381384 | ||
| 040 |
_aDLC _cCO-MdFUSB _dJQP _bspa _erda |
||
| 041 | _aeng | ||
| 082 |
_223 _a266.0092 _bB966 |
||
| 100 | 1 |
_aBurnham, Gracia. _eautor |
|
| 245 | 1 | 0 |
_aIn the presence of my enemies _c/ Gracia Burnham , Dean Merrill. |
| 264 | 1 |
_aWheaton, Illinois. : _bTyndale House Publishers, _c[2003] |
|
| 264 | 4 | _c© 2003 | |
| 300 |
_a307 páginas. : _bilustraciones a color, mapas ; _c24 cm. |
||
| 336 |
_2rdacontent _atexto _btxt |
||
| 337 |
_2rdamedia _asin mediación _bn |
||
| 338 |
_2rdacarrier _avolumen _bnc |
||
| 505 | _aContenido: Incautados al amanecer -- Comienzos brillantes -- El tipo más agradable -- Novatos -- Los niños pequeños y el tráfico -- Los peligros de Palawan -- Hospital del horror -- La amenaza -- Abandonados -- Rodeado -- Una canción para los selva -- ¿Justicia o misericordia? -- 11 de septiembre -- Hora de la boda -- El paquete -- Noches silenciosas -- Tan cerca -- ¡Rescatado! -- Una tarde lluviosa -- La embajada -- De regreso a casa -- Reflexiones. | ||
| 520 | _a"Presenta un relato de primera mano sobre el secuestro de dos misioneros estadounidenses por parte del grupo terrorista Abu Sayyaf en Filipinas, un calvario de un año que terminó con la muerte del esposo de la autora, Martin Burnham". | ||
| 563 | _aRústico | ||
| 600 | 1 | 0 | _aBurnham, Gracia. |
| 650 | 0 |
_aBiografías cristianas _91238 |
|
| 700 | 1 |
_aMerrill, Dean. _eautor |
|
| 942 | _cBK | ||
| 945 | _aJTF-925 | ||
| 999 |
_c67292 _d67292 |
||